Kvantifikácia vplyvu relevantných faktorov na výskyt chudoby v slovenských domácnostiach v rokoch 2005-2010

Určenie faktorov, ktoré signifikantne ovplyvňujú výskyt chudoby v slovenských domácnostiach. Porovanie slovenských domácností ohrozených chudobou na rôznych úrovniach najvplyvnejšieho faktora, so zreteľom na regionálne rozdiely.

Salvato in:
Dettagli Bibliografici
Autore principale: Šoltés, Erik, 1974-
Altri autori: Šoltésová, Tatiana, 1975-
Natura: Capitolo di libro
Lingua:slovacco
Soggetti:
Tags: Aggiungi Tag
Nessun Tag, puoi essere il primo ad aggiungerne!!

MARC

LEADER 00000naa a2200000 4500
001 0164539
005 20240502072855.1
041 0 |a slo 
044 |a SK 
245 1 0 |a Kvantifikácia vplyvu relevantných faktorov na výskyt chudoby v slovenských domácnostiach v rokoch 2005-2010  |c Erik Šoltés, Tatiana Šoltésová 
520 |a Určenie faktorov, ktoré signifikantne ovplyvňujú výskyt chudoby v slovenských domácnostiach. Porovanie slovenských domácností ohrozených chudobou na rôznych úrovniach najvplyvnejšieho faktora, so zreteľom na regionálne rozdiely. 
610 2 0 |a Slovensko 
610 2 0 |a príjmy rodinné 
610 2 0 |a domácnosti 
610 2 0 |a príjmy obyvateľstva 
610 2 0 |a regióny 
610 2 0 |a chudoba 
100 1 |a Šoltés, Erik, 1974- 
700 1 |a Šoltésová, Tatiana, 1975-